Principles of developmental psychology / (Record no. 4715)
[ view plain ]
| 000 -LEADER | |
|---|---|
| fixed length control field | 00927cac a22002531u 4500 |
| 090 ## - LOCALLY ASSIGNED LC-TYPE CALL NUMBER (OCLC); LOCAL CALL NUMBER (OCLC) | |
| -- | 4715 |
| 008 - FIXED-LENGTH DATA ELEMENTS--GENERAL INFORMATION | |
| fixed length control field | 081106t1994 xxu||||| |||| 00| 0 eng d |
| 020 ## - INTERNATIONAL STANDARD BOOK NUMBER | |
| International Standard Book Number | 0863772803 (pbk) : |
| 020 ## - INTERNATIONAL STANDARD BOOK NUMBER | |
| International Standard Book Number | 086377279X : |
| 020 ## - INTERNATIONAL STANDARD BOOK NUMBER | |
| International Standard Book Number | 0863772803 : |
| 020 ## - INTERNATIONAL STANDARD BOOK NUMBER | |
| International Standard Book Number | 0863772803 : |
| 022 ## - INTERNATIONAL STANDARD SERIAL NUMBER | |
| International Standard Serial Number | 09659706 : |
| 082 ## - DEWEY DECIMAL CLASSIFICATION NUMBER | |
| Classification number | 155.09 20 |
| Item number | B9885 |
| 100 ## - MAIN ENTRY--PERSONAL NAME | |
| Personal name | Butterworth, George |
| 245 ## - TITLE STATEMENT | |
| Title | Principles of developmental psychology / |
| Statement of responsibility, etc | George Butterworth and Margaret Harris. |
| 260 ## - PUBLICATION, DISTRIBUTION, ETC. (IMPRINT) | |
| Place of publication, distribution, etc | Hove : |
| Name of publisher, distributor, etc | Lawrence Erlbaum, |
| Date of publication, distribution, etc | c1994. |
| 300 ## - PHYSICAL DESCRIPTION | |
| Extent | x, 277p. |
| Dimensions | 24 cm. |
| 504 ## - BIBLIOGRAPHY, ETC. NOTE | |
| Bibliography, etc | includes bibliographical references and index |
| 650 ## - SUBJECT ADDED ENTRY--TOPICAL TERM | |
| Topical term or geographic name as entry element | Developmental psychology History |
| 700 ## - ADDED ENTRY--PERSONAL NAME | |
| Personal name | Harris, Margaret, |
| Titles and other words associated with a name | 1951- |
| 830 ## - SERIES ADDED ENTRY--UNIFORM TITLE | |
| Uniform title | ( The principles of psychology series.) |
| 942 ## - ADDED ENTRY ELEMENTS (KOHA) | |
| Item type | Book - Borrowing |
| Call number prefix | 155.09 20B9885 |
| Source of classification or shelving scheme | Dewey Decimal Classification |
| Withdrawn status | Item status | Damaged status | Not for loan | Home library | Current library | Shelving location | Date acquired | Source of acquisition | Total Checkouts | Total Renewals | Full call number | Barcode | Date last seen | Date last borrowed | Koha item type |
|---|---|---|---|---|---|---|---|---|---|---|---|---|---|---|---|
| Central Library | Central Library | Lower Floor | 07/09/2016 | Purchase | 5 | 10 | 155.0920 BUT | 000005843 | 15/07/2025 | 01/11/2020 | Book - Borrowing |